Assessment of people willingness of preferent fish food to change insambour commune, sambour district, kratie province, kompongloung commuce, krakor distict,pursat provinvce, and koh chhivang commune, ek phnom distict, battambang province, វាយតម្លៃឆន្ទៈផ្លាស់ប្តូរប្រភេទត្រីដែលប្រជាជនចូលចិត្តបរិភោគនៅក្នុងឃុំសំបូរ ស្រុកសំបូរ ខេត្តក្រចេះ ឃុំកំពង់លួង ស្រុកក្រគរ ខេត្តពោធិ៍សាត់ និងឃុំកោះជីវាំង ស្រុកឯកភ្នំខេត្តបាត់ដំបង (Record no. 3990)

000 -LEADER
fixed length control field 01123nam a22001337a 4500
040 ## - CATALOGING SOURCE
Transcribing agency RUA
082 ## - DEWEY DECIMAL CLASSIFICATION NUMBER
Classification number FIS HEM 2013 B185 Or.1
100 ## - MAIN ENTRY--AUTHOR NAME
Personal name HEM SAN; ហែម សាន
245 ## - TITLE STATEMENT
Title Assessment of people willingness of preferent fish food to change insambour commune, sambour district, kratie province, kompongloung commuce, krakor distict,pursat provinvce, and koh chhivang commune, ek phnom distict, battambang province, វាយតម្លៃឆន្ទៈផ្លាស់ប្តូរប្រភេទត្រីដែលប្រជាជនចូលចិត្តបរិភោគនៅក្នុងឃុំសំបូរ ស្រុកសំបូរ ខេត្តក្រចេះ ឃុំកំពង់លួង ស្រុកក្រគរ ខេត្តពោធិ៍សាត់ និងឃុំកោះជីវាំង ស្រុកឯកភ្នំខេត្តបាត់ដំបង
260 ## - PUBLICATION, DISTRIBUTION, ETC. (IMPRINT)
Place of publication Phnom Penh
Name of publisher RUA
Year of publication 2013
300 ## - PHYSICAL DESCRIPTION
Number of Pages xiii, 59p.
Other physical details ill.
Dimensions 29cm.
856 ## - ELECTRONIC LOCATION AND ACCESS
Uniform Resource Identifier https://drive.google.com/file/d/1GbO_BeE6xjFCFyCRi2VfoO_zzTsAabi-/view?usp=sharing
942 ## - ADDED ENTRY ELEMENTS (KOHA)
Koha item type FIS
952 ## - LOCATION AND ITEM INFORMATION (KOHA)
Withdrawn status [LOCAL, KOHA] 0
952 ## - LOCATION AND ITEM INFORMATION (KOHA)
Withdrawn status [LOCAL, KOHA] 0
952 ## - LOCATION AND ITEM INFORMATION (KOHA)
Withdrawn status [LOCAL, KOHA] 0
952 ## - LOCATION AND ITEM INFORMATION (KOHA)
Withdrawn status [LOCAL, KOHA] 0
952 ## - LOCATION AND ITEM INFORMATION (KOHA)
Withdrawn status [LOCAL, KOHA] 0
952 ## - LOCATION AND ITEM INFORMATION (KOHA)
Withdrawn status [LOCAL, KOHA] 0
952 ## - LOCATION AND ITEM INFORMATION (KOHA)
Withdrawn status [LOCAL, KOHA] 0
952 ## - LOCATION AND ITEM INFORMATION (KOHA)
Withdrawn status [LOCAL, KOHA] 0
952 ## - LOCATION AND ITEM INFORMATION (KOHA)
Withdrawn status [LOCAL, KOHA] 0
952 ## - LOCATION AND ITEM INFORMATION (KOHA)
Withdrawn status [LOCAL, KOHA] 0
Holdings
Permanent Location Date acquired Koha item type Lost status Barcode Shelving location Current Location Full call number
Library Block B2015-12-04FIS RUA026519 Library Block BFIS HEM 2013 B185 Or.1
Library Block B2015-12-04FIS RUA026658 Library Block BFIS HEM 2013 B185 Or.2
Library Block B2015-12-04FIS RUA026800 Library Block BFIS HEM 2013 B185 Or.3
Library Block B2015-12-04FIS RUA026579 Library Block BFIS HEM 2013 B185 Or.4
Library Block B2015-12-04FIS RUA026939 Library Block BFIS HEM 2013 B185 Or.5
Library Block B2015-12-04FIS RUA026796 Library Block BFIS HEM 2013 B185 Or.6
Library Block B2015-12-04FIS RUA027330 Library Block BFIS HEM 2013 B185 Or.7
Library Block B2015-12-04FIS RUA026868 Library Block BFIS HEM 2013 B185 Or.8
Library Block B2019-03-26FIS A36597B1.226Library Block BFIS HEM 2013 B1.226 Or.1
Library Block B2019-03-26FIS A36036B1.226Library Block BFIS HEM 2013 B1.226 Or.2
មជ្ឈមណ្ឌលឯការនៃសាកលវិទ្យាល័យភូមិន្ទកសិកម្មចំការដូង

Powered by Koha